000 00524nam a2200193Ia 4500
003 GCL
008 140319s9999 xx 000 0 eng d
020 _a288046661X
040 _aGCL /
_cGCL
082 0 4 _a792.0233
_bI D
100 1 _aIRVIN, POLLY
245 1 0 _aDIRECTING FOR THE STAGE /
_cIRVIN, POLLY
260 _aسويسرا :
_bROTOVISION SA ،
_c2003
300 _a32 CM ؛
_c179 P
650 0 4 _aTHEATER - PRODUCTION AND DIRECTION
650 0 4 _aDIRECTION
650 0 4 _aDIRECTING - ( THEATER )
942 _2ddc
_cBK
999 _c6626
_d6626